000 00292nam a22001337a 4500
008 170829b xxu||||| |||| 00| 0 eng d
020 _a9781577665519
041 _aeng
080 _22ND
_a070
100 _a39
101 _aMED
245 _aORAL COMMUNICATION
_cYOUNG,K,S
942 _2udc
_cBK
999 _c25265
_d25265